000 00441nam a2200157 i 4500
001 40117
003 ES-MaACL
005 20230906160139.0
007 t|
008 030305s1978 sp ||||1| spa d
100 1 _aCañada, Pedro Jesús.
_934715
245 1 0 _aSombras de ciudad /
_cPedro Jesús Cañada.
260 _aCarboneras de Guadazaón (Cuenca) :
_bDomo,
_c1978.
300 _a76 p. ;
_c18 cm.
852 _aES-MaACL
_jA-9203
_bR.97836
999 _c40117
_d40117